01073cam a22002291 4500001001300000003000400013005001700017008004100034010001700075035001900092040002400111042001200135050002300147100003500170245034900205250003200554260006100586300006400647490006500711504003000776650003700806gs 24000282 DLC20260227111328.0800714s1924 kyuab b s000 0 eng  ags 24000282  a(OCoLC)6514262 aDLCcTMdOCoLCdDLC apremarc00aHD9547.K4bJ5 19241 aJillson, Willard Rouse,d1890-14aThe coal industry in Kentucky.bA review of the discovery, development, mining methods, qualities, markets, analyses, geology, correlations, locations, production statistics, and mine operators of the coals of Kentucky, including a complete bibliography.cBy Willard Rouse Jillson ... Illustrated with forty-two photographs, maps, and diagrams. a2d ed.,brev. and expanded. aFrankfort, Kentucky,bKentucky Geological Survey,c1924. a5 p. l., 164 p.bfront., illus., fold. map, tables.c24 cm.0 aKentucky geological survey. Ser. VI [Geologic reports] v. 20 aBibliography: p. 137-153. 0aCoal mines and miningzKentucky.